Among the Matabele /

Bibliographic Details
Main Author: Carnegie, David
Format: Book
Language:English
Published: Westport, Conn. : Negro Universities Press, [1970]
Subjects:

MARC

Tag First Indicator Second Indicator Subfields
LEADER 00000cam a2200000 4500
001 in00000049347
005 20151007071655.0
008 701202r19701894ctuabc 00010 eng
010 |a  74097399  
020 |a 0837150949 
035 |a (OCoLC)00103085 
035 |9 AAE6420AM 
040 |a DLC  |c DLC  |d TXA  |d UtOrBLW 
049 |a TXAM  |c [704939] 
050 0 0 |a DT964.M4  |b C3 1970 
082 0 |a 968.9/1 
100 1 |a Carnegie, David. 
245 1 0 |a Among the Matabele /  |c by D. Carnegie. 
264 1 |a Westport, Conn. :  |b Negro Universities Press,  |c [1970] 
300 |a 128 pages :  |b illustrations, map, portraits ;  |c 23 cm. 
336 |a text  |b txt  |2 rdacontent 
337 |a unmediated  |b n  |2 rdamedia 
338 |a volume  |b nc  |2 rdacarrier 
500 |a Reprint of the 1894 edition. 
500 |a Most of the book previously appeared in the Leisure Hour and the Sunday at home. Chapter 9 is by G. Cousins. 
650 0 |a Ndebele (African people) 
999 |a MARS 
999 f f |s e21463be-1e18-3428-b82f-4fbf7965a979  |i 0a67a5c5-20f7-390b-86b4-c1689fd86f9a  |t 0 
952 f f |p ric  |a Texas A&M University  |b Rellis Campus  |c Joint Library Facility  |d Remote Storage  |t 0  |e DT964.M4 C3 1970  |h Library of Congress classification  |i unmediated -- volume  |m A14802106794 
998 f f |a DT964.M4 C3 1970  |t 0  |l Remote Storage